| 000 | 01086cab a2200397 4500 | ||
|---|---|---|---|
| 001 | ABS57127 | ||
| 008 | 090401t1997 xxu||||| |||| 00| 0 eng d | ||
| 035 | _a(Sirsi) u98481 | ||
| 041 | _aeng | ||
| 100 | _aWhitmore, J. | ||
| 245 | _aLending on the hoof | ||
| 260 | _c1997 | ||
| 350 | _a0 | ||
| 490 |
_aProperty Week _v59(9) 30 May 1997, 31-38(6) |
||
| 520 | _aSix-page special on the current lending climate, where banks are slashing their prices to lend money for commercial property projects. | ||
| 650 | _aBANK LENDING | ||
| 650 | _aBHF BANK | ||
| 650 | _aPROPERTY-COMMERCIAL PROPERTY | ||
| 650 | _aDEPFA | ||
| 650 | _aEUROHYPO | ||
| 650 | _aGE CAPITAL | ||
| 650 | _aGERMAN BANKS | ||
| 650 | _aHELABA | ||
| 650 | _aHYPO-BANK | ||
| 650 | _aLEAGUE TABLE | ||
| 650 | _aLENDERS | ||
| 650 | _aLENDING | ||
| 650 | _aPROPERTY FINANCE | ||
| 650 | _aPROPERTY LENDING | ||
| 650 | _aRHEINHYP | ||
| 650 | _aWESTDEUUTSCHE IMMOBILIEN | ||
| 650 | _aWURTTEMBERGER | ||
| 690 | _aPROPERTY-PROPERTY FINANCE AND INVESTMENT | ||
| 942 | _n0 | ||
| 948 | _c13/06/1997 | ||
| 999 |
_c59866 _d59866 |
||